|
|
|
|
| LEADER |
00950cam a2200241 7i4500 |
| 001 |
0000061581 |
| 005 |
20210903090000.0 |
| 020 |
|
|
|a 9780511128110 (electronic book)
|
| 090 |
0 |
0 |
|a TA345
|b .K58 2005
|
| 100 |
1 |
|
|a Kiusalaas, Jaan
|
| 245 |
1 |
0 |
|a Numerical methods in engineering with MATLAB
|c Jaan Kiusalaas.
|
| 264 |
|
|
|a Cambridge:
|b Cambridge University Press,
|c 2005.
|
| 300 |
|
|
|a 1 online resource (426 pages):
|b illustrations, text file, PDF.
|
| 336 |
|
|
|a text
|2 rdacontent
|
| 337 |
|
|
|a computer
|2 rdamedia
|
| 338 |
|
|
|a online resource
|2 rdacarrier
|
| 650 |
|
0 |
|a Engineering mathematics --
|x Data processing
|
| 650 |
|
0 |
|a Numerical analysis --
|x Data processing
|
| 655 |
|
0 |
|a Electronic books
|
| 856 |
4 |
2 |
|u http://library.unisel.edu.my/web/guest/mylibrary
|
| 997 |
|
|
|a Engineering & Life Sciences, Faculty
|b Engineering, Department
|
| 998 |
|
|
|a Electrical & Electronic Engineering, Diploma
|
| 999 |
|
|
|a EBO0006766
|b EBOOK
|c EBOOK
|e Electronic resources
|